Veinte años entre los mexicanos : relato de una labor misionera / Melinda Rankin ; introducción y comentarios de Miguel Ángel González Quiroga y Timothy Paul Bowman ; David Toscana, traducción

Сохранить в:
Библиографические подробности
Главный автор: Rankin, Melinda (autor)
Другие авторы: I.González Quiroga, Miguel Ángel \ II.Bowman, Timothy Paul \ III.Toscana, David (autor) (autor)
Формат:
Предметы:
Метки: Добавить метку
Нет меток, Требуется 1-ая метка записи!

MARC

LEADER 00000nam^a2200000^u^4500
001 000548720
005 20250521000000.0
008 060220s1000^^^^^^^^^^^^r^^^^^000^0^spa^d
009 20260310131457.546
022 |a 9789709715590 
035 |a FMI 000018469 
037 |a Acervo Xavier Clavigero 
096 |a 3.5/100/A 
100 |a Rankin, Melinda  |e (autor) 
245 1 0 |a Veinte años entre los mexicanos : relato de una labor misionera / Melinda Rankin ; introducción y comentarios de Miguel Ángel González Quiroga y Timothy Paul Bowman ; David Toscana, traducción 
264 |a Monterrey, N.L. : Fondo Editorial de Nuevo León 
300 |a 278 p. 
336 |a texto  |b txt  |2 rdacontenido 
337 |a sin mediación  |b n  |2 rdamedio 
338 |a volumen  |b nc  |2 rdasoporte 
597 |a Traducido de: Twenty years among the mexicans : a narrative of missionary labir 
597 |a Incluye bibliografía (p. 272-278) 
649 |a XX 
650 |a Historia de México 
700 |a I.González Quiroga, Miguel Ángel \ II.Bowman, Timothy Paul \ III.Toscana, David  |e (autor) 
910 |a Fondo Francisco Migoya Covarrubias S.J. 
920 |a Impresos - Libros 
930 |a Fondos Especiales 
905 |a 134 
901 |a SBC27226  |b IT2  |c ESP  |u 20250521 
902 |a https://opac.biblio.iteso.mx/vufind/Record/000548720